Adams's Outline of Fractures : (Record no. 35899)

MARC details
000 -LEADER
fixed length control field 00579nam a22002057a 4500
005 - DATE AND TIME OF LATEST TRANSACTION
control field 20240611143426.0
008 - FIXED-LENGTH DATA ELEMENTS--GENERAL INFORMATION
fixed length control field 240611b |||||||| |||| 00| 0 eng d
020 ## - INTERNATIONAL STANDARD BOOK NUMBER
ISBN 9780113102981
082 ## - DEWEY DECIMAL CLASSIFICATION NUMBER
Classification number 615
Item number HAM-A
100 ## - MAIN ENTRY--AUTHOR
Author Name Hamblen;David L.
245 ## - TITLE STATEMENT
Title Adams's Outline of Fractures :
Remainder of title Including joint injuries /
Statement of responsibility, etc. David L.Hamblen, Hamish,Simpson
250 ## - EDITION STATEMENT
Edition statement 12th ed.
260 ## - PUBLICATION, DISTRIBUTION, ETC.
Place of Publication India ;
Name of publisher, distributor, etc. Elsvier;
Date of publication, distribution, etc. 2007.
300 ## - PHYSICAL DESCRIPTION
Pages 328p.
500 ## - GENERAL NOTE
General note include index .
650 ## - SUBJECT ADDED ENTRY--TOPICAL TERM
Subject / Department Medical / Orthopeadic
700 ## - ADDED ENTRY--PERSONAL NAME
Personal name Hamish,
700 ## - ADDED ENTRY--PERSONAL NAME
Personal name Simpson,
300 ## - PHYSICAL DESCRIPTION
-- ill;
-- 23.5cm.
952 ## - LOCATION AND ITEM INFORMATION (KOHA)
-- 0
-- 0
952 ## - LOCATION AND ITEM INFORMATION (KOHA)
-- 0
-- 0
952 ## - LOCATION AND ITEM INFORMATION (KOHA)
-- 0
-- 0
952 ## - LOCATION AND ITEM INFORMATION (KOHA)
-- 0
-- 0
Holdings
Lost status Damaged status Collection code Permanent Location Current Location Shelving Location Date acquired Full Call Number Accession No./Barcode Date last seen Copy number item type Koha item type
    Medical Superior Information Resource Center (SIRC) Superior University- Central Library Superior Information Resource Center (SIRC) Superior University- Central Library Orthopeadics 06/11/2024 615 HAM-A 2007 10118 06/11/2024 1 BOOK BOOK
    Medical Superior Information Resource Center (SIRC) Superior University- Central Library Superior Information Resource Center (SIRC) Superior University- Central Library Orthopeadics 06/11/2024 615 HAM-A 2007 10119 06/11/2024 2 BOOK BOOK
    Medical Superior Information Resource Center (SIRC) Superior University- Central Library Superior Information Resource Center (SIRC) Superior University- Central Library Orthopeadics 06/11/2024 615 HAM-A 2007 10120 06/11/2024 3 BOOK BOOK
    Medical Superior Information Resource Center (SIRC) Superior University- Central Library Superior Information Resource Center (SIRC) Superior University- Central Library Orthopeadics 06/11/2024 615 HAM-A 2007 10121 06/11/2024 4 BOOK BOOK

Powered by Koha